000 00495nam a2200169 4500
001 107591
003 ES-MaACL
005 20230906184442.0
007 t|
008 061121s1970 sp r ||||1| spa d
100 1 _aMorton, A.L.
_983726
245 1 4 _aLas utopías socialistas /
_cA.L. Morton; traducción de R. de la Iglesia.
260 _aBarcelona :
_bMartínez Roca,
_c1970.
300 _a214 p. ;
_c20 cm.
700 1 _aIglesia, R. de la.
_965060
852 _aES-MaACL
_jC-48656
_bR.75360
999 _c107591
_d107591